000 00953nam a2200301Ia 4500
001 92610
003 IT-RoPAU
008 130308s9999 xx 000 0 und d
040 _aIT-RoPAU
040 _cIT-RoPAU
041 _aSPAGNOLO
100 _aVazquez Jesus Maria
100 _gCodice Aut. SPICS: 124
245 _aNecesidad y posibilidades de auscultacion de audiencias sobre television en la poblacion infantil y adolescente
245 _bIi Conversaciones nacionales de television infantil Y Juvenil
250 _a1a ed.
260 _aSPAGNA
260 _bTVE
260 _c1966 [1° Ed.:1966 - Ed.Ling.Originale:1966]
300 _a"5 p. (prefazione: no ; testo: 5 [pagine: 205-209])"
500 _aNecessità e Possibilità di Ascolto della Audience Infantile e Adolescente
650 _aEDUCAZIONE ALLA TELEVISIONE
650 _eCodice materia Spics: 6962
942 _cBK
957 _71
999 _c58221
_d58221
999 _bSI
999 _g1